The Analytical Greek lexicon : (Record no. 552)
[ view plain ]
| 000 -LEADER | |
|---|---|
| fixed length control field | 00961cam a2200229 a 4500 |
| 001 - CONTROL NUMBER | |
| control field | 118998 |
| 003 - CONTROL NUMBER IDENTIFIER | |
| control field | GBCCL |
| 005 - DATE AND TIME OF LATEST TRANSACTION | |
| control field | 20241126110340.0 |
| 008 - FIXED-LENGTH DATA ELEMENTS--GENERAL INFORMATION | |
| fixed length control field | 820823q18001899nyu d 000 0 eng d |
| 035 ## - SYSTEM CONTROL NUMBER | |
| System control number | (OCoLC)ocm08711285 |
| 040 ## - CATALOGING SOURCE | |
| Original cataloging agency | MRT |
| Transcribing agency | MRT |
| Modifying agency | OCLCQ |
| -- | LBB |
| 041 0# - | |
| -- | enggrc |
| 049 ## - | |
| -- | LBBK |
| -- | 1-2 |
| -- | LBBC |
| 082 ## - DEWEY DECIMAL CLASSIFICATION NUMBER | |
| Classification number | 220.4808 |
| Item number | ANA |
| 090 ## - LOCALLY ASSIGNED LC-TYPE CALL NUMBER (OCLC); LOCAL CALL NUMBER (RLIN) | |
| Classification number (OCLC) (R) ; Classification number, CALL (RLIN) (NR) | PA881 |
| Local cutter number (OCLC) ; Book number/undivided call number, CALL (RLIN) | .A62 |
| 245 04 - TITLE STATEMENT | |
| Title | The Analytical Greek lexicon : |
| Remainder of title | consisting of an alphabetical arrangement of every occurring inflexion of every word contained in the Greek New Testament scriptures, with a grammatical analysis of each word, and lexicographical illustration of the meanings : a complete series of paradigms with grammatical remarks and explanations. |
| 260 ## - PUBLICATION, DISTRIBUTION, ETC. | |
| Place of publication, distribution, etc. | Grand Rapids, Michigan : |
| Name of publisher, distributor, etc. | Zondervan publishing house. ; |
| Date of publication, distribution, etc. | 1967. |
| 300 ## - PHYSICAL DESCRIPTION | |
| Extent | xlvi, 444 p. ; |
| Dimensions | 24 cm. |
| 520 ## - SUMMARY, ETC. | |
| Summary, etc. | Lloyd M. Perry Collection. |
| 650 #0 - SUBJECT ADDED ENTRY--TOPICAL TERM | |
| Topical term or geographic name entry element | Greek language, Biblical |
| Form subdivision | Dictionaries |
| General subdivision | English. |
| 9 (RLIN) | 2948 |
| 942 ## - ADDED ENTRY ELEMENTS (KOHA) | |
| Source of classification or shelving scheme | Dewey Decimal Classification |
| Koha item type | Reference Books |
| Withdrawn status | Lost status | Source of classification or shelving scheme | Damaged status | Not for loan | Home library | Current Library | Shelving location | Date acquired | Total checkouts | Full call number | Barcode | Date last seen | Copy number | Price effective from | Koha item type |
|---|---|---|---|---|---|---|---|---|---|---|---|---|---|---|---|
| Dewey Decimal Classification | GRACE BIBLE COLLEGE | GRACE BIBLE COLLEGE | Language | 2016-11-17 | 220.4808 ANA | 000017 | 2025-05-01 | c.1 | 2016-11-17 | Language |